ბათუმის შოთა რუსთაველის სახელმწიფო უნივერსიტეტის ბიბლიოთეკა

ქედის მუნიციპალიტეტი : (ბიბ.ჩანაწერი № 62586)

000 -ლიდერი
ფიქსირებული სიგრძის საკონტროლო ველი 01728nam a22002537a 4500
003 - საკონტროლო ნომრის იდენტიფიკატორი
საკონტროლო ველი Ge_BSU
005 - ბოლო ოპერაციის თარიღი და დრო
საკონტროლო ველი 20241212113442.0
008 - ფიქსირებული სიგრძის მონაცემთა ელემენტები - ზოგადი ინფორმაცია
ფიქსირებული სიგრძის საკონტროლო ველი 241212s2024 ge ||||| |||| 00| 0 geo d
020 ## - წიგნის საერთაშორისო სტანდარტული ნომერი
International Standard Book Number 9789941870019
041 ## - ენის კოდი
Language code of text/sound track or separate title geo
080 ## - უნივერსალური ათობითი კლასიფიკაციის ინდექსი
Universal Decimal Classification number 911.52(479.223) ჩ-59
100 ## - მთავარი ჩანაწერი - პიროვნების სახელი
Personal name ჩიკვაიძე, რევაზ
9 (RLIN) 23949
245 ## - ცნობა სათაურის შესახებ
Title ქედის მუნიციპალიტეტი :
Remainder of title ქედის მუნიციპალიტეტის ფიზიკურ-გეოგრაფიული და ეკონომიკურ-გეოგრაფიული გამოკვლევა : [მონოგრაფია] /
Statement of responsibility, etc რევაზ ჩიკვაიძე ; რედაქტორები: ნ. ჯიბუტი, ზ. სეფერთელაძე.
264 ## - წარმოების, გამოცემის, დისტრიბუციის და სხვა ცნობები
გამოცემის, წარმოების, დისტრიბუციის... ადგილი ბათუმი :
გამოცემის, წარმოების, დისტრიბუციის... სახელწოდება ბეტა პრინტი,
გამოცემის, წარმოების, დისტრიბუციის... თარიღი 2024.
300 ## - ფიზიკური აღწერა
Extent 172 გვ. :
Other physical details ფოტ., 1. ფ. დაკეც. რუკა ;
Dimensions 19 სმ.
500 ## - ზოგადი შენიშვნა
General note წიგნი ეძღვნება შორეული ნაოსნობის უფროს მექანიკოსის, თეიმურაზ თურმანიძის ხსოვნას.
504 ## - BIBLIOGRAPHY, ETC. NOTE
Bibliography, etc ბიბლიოგრაფია: გვ. 166-170.
653 ## - INDEX TERM--UNCONTROLLED
Uncontrolled term ქედა
653 ## - INDEX TERM--UNCONTROLLED
Uncontrolled term ფიზიკურ-გეოგრაფიული და ეკონომიკურ-გეოგრაფიული გამოკვლევა
700 ## - ADDED ENTRY--PERSONAL NAME
Personal name ჯიბუტი, ნ.
Relator term რედაქტორი
9 (RLIN) 23950
700 ## - ADDED ENTRY--PERSONAL NAME
Personal name სეფერთელაძე, ზ.
Relator term რედაქტორი
9 (RLIN) 23951
773 ## - HOST ITEM ENTRY
Title ნაჩუქარი
942 ## - ADDED ENTRY ELEMENTS (KOHA)
Source of classification or shelving scheme
Koha item type წიგნი
ეგზემპლარები
ჩამოწერის სტატუსი დაკარგული ეგზემპლარის სტატუსი კლასიფიკაციის წყარო ან თაროზე გაწყობის სქემა მითითებული მასალები (აკინძული ტომები ან სხვა ნაწილი) დაზიანების სტატუსი არ გაიცემა მუდმივი მდებარეობა (დაცვის ადგილი) ამჟამინდელი ადგილსამყოფელი თაროზე განთავსების ადგილი შეძენის თარიღი ღირებულება, შესყიდვის ნორმალური ფასი სრული შენახვის შიფრი შტრიხკოდი ბოლო ოპერაციის თარიღი ეგზემპლარის მიმდევრობითი ნომერი (კეტერი?) ფასის ძალაში შესვლის თარიღი ეგზემპლარის სახეობა საჯარო შენიშვნა
      ნაჩუქარი     ბათუმის შოთა რუსთაველის სახელმწიფო უნივერსიტეტის მთავარი ბიბლიოთეკა ბათუმის შოთა რუსთაველის სახელმწიფო უნივერსიტეტის მთავარი ბიბლიოთეკა წიგნსაცავი 2024-12-12 5.00 911.52(479.223) ჩ-59 66174 2024-12-12 66174 2024-12-12 წიგნი 5 ლ.